00453 a2200145 4500020001500000040001300015082000800028100002700036245009400063250001800157260003600175300005000211651002800261700001800289 a039397443X aDLCbDLC00a9731 aTindall, George Brown.10aAmerica: a narrative historyba narrative historycGeorge Brown Tindall, David Emory Shi. aBrief 5th ed. aNew York :bW.W. Norton,c2000. axx, 632, A110 p. :bill., col. maps ;c24 cm. 0aUnited StatesxHistory.1 aShi, David E.